Films de Xavier Dolan - Statistics

General Stats
  • This quiz has been taken 9 times
  • The average score is 7 of 8
Answer Stats
Année Film % Correct
2016 Juste la fin du monde
100%
2012 Laurence Anyways
100%
2013 Tom à la ferme
100%
2009 J'ai tué ma mère
89%
2019 Matthias et Maxime
89%
2014 Mommy
89%
2010 Les Amours imaginaires
67%
2018 Ma vie avec John F. Donovan
56%
No matching quizzes found
Score Distribution
Percent of People with Each Score
Percentile by Number Answered
Your Score History
You have not taken this quiz